000
00285nam a2200121Ia 4500
008
190216s9999||||xx |||||||||||||| ||und||
100
_a
Lytton Strachey
245
0
_a
Queen Victoria
260
_b
Allied Publications
_c
1973
300
_a
255p
650
_a
English Stories
942
_c
BK
999
_c
12862
_d
12862